| 000 | 01210nam a2200313Ia 4500 | ||
|---|---|---|---|
| 001 | ebr10478406 | ||
| 003 | CaPaEBR | ||
| 006 | m u | ||
| 007 | cr cn||||||||| | ||
| 008 | 100205s2011 maua s 001 0 eng d | ||
| 010 | _z 2010922094 | ||
| 020 | _z1435456254 | ||
| 020 | _z9781435456259 | ||
| 020 | _z9781435456266 | ||
| 040 |
_aCaPaEBR _cCaPaEBR |
||
| 035 | _a(OCoLC)742515596 | ||
| 050 | 1 | 4 |
_aQA76.7 _b.W55 2011eb |
| 100 | 1 | _aWilliamson, Jonathan Carter. | |
| 245 | 1 | 0 |
_aCharacter development in blender 2.5 _h[electronic resource] / _cJonathan Carter Williamson; [edited by] Heather Hurley. |
| 260 |
_aBoston, MA : _bCengage Learning, _c2011. |
||
| 300 |
_axvi, 473 p. : _bill. |
||
| 500 | _aIncludes index. | ||
| 533 |
_aElectronic reproduction. _bPalo Alto, Calif. : _cebrary, _d2011. _nAvailable via World Wide Web. _nAccess may be limited to ebrary affiliated libraries. |
||
| 650 | 0 | _aProgramming languages (Electronic computers) | |
| 650 | 0 | _aElectronic data processing. | |
| 655 | 7 |
_aElectronic books. _2local |
|
| 710 | 2 | _aebrary, Inc. | |
| 856 | 4 | 0 |
_uhttp://site.ebrary.com/lib/rucke/Doc?id=10478406 _zAn electronic book accessible through the World Wide Web; click to view |
| 999 |
_c119697 _d119697 |
||